| 000 | 00736 a2200205 4500 | ||
|---|---|---|---|
| 020 | _a0521434386 | ||
| 020 | _a9780521434386 | ||
| 082 | 0 | 4 | _a520 |
| 090 |
_c318 _d318 |
||
| 100 | _aAudouze, Jean | ||
| 245 | 1 | 4 |
_aThe cambridge atlas of astronomy / _cJean Audouze, Guy Israel. |
| 250 | _a3rd ed. | ||
| 260 |
_a[S.l.] : _bCambridge University Press, _c1994. |
||
| 300 |
_a471 p. ; _c37 cm. |
||
| 700 | 1 | _aAudouze, Jean. | |
| 700 | 1 | _aIsrael, Guy. | |
| 942 |
_aSNS _cBK _k520 AUD |
||
| 999 |
_c28953 _d28953 |
||